<?xml version="1.0" encoding="UTF-8"?>
<record
    xmlns:xsi="http://www.w3.org/2001/XMLSchema-instance"
    xsi:schemaLocation="http://www.loc.gov/MARC21/slim http://www.loc.gov/standards/marcxml/schema/MARC21slim.xsd"
    xmlns="http://www.loc.gov/MARC21/slim">

  <leader>03742cam a22003015i 4500</leader>
  <datafield tag="999" ind1=" " ind2=" ">
    <subfield code="c">27144</subfield>
    <subfield code="d">27116</subfield>
  </datafield>
  <controlfield tag="001">017480749</controlfield>
  <controlfield tag="003">Uk</controlfield>
  <controlfield tag="005">20190213145813.0</controlfield>
  <controlfield tag="006">m    ||  d |      </controlfield>
  <controlfield tag="007">cr |||||||||||</controlfield>
  <controlfield tag="008">150613s2013    cau||||fr    |||0 ||eng d</controlfield>
  <datafield tag="015" ind1=" " ind2=" ">
    <subfield code="a">GBB6G7217</subfield>
    <subfield code="2">bnb</subfield>
  </datafield>
  <datafield tag="020" ind1=" " ind2=" ">
    <subfield code="a">9781608716500</subfield>
  </datafield>
  <datafield tag="020" ind1=" " ind2=" ">
    <subfield code="a">1608716503</subfield>
  </datafield>
  <datafield tag="040" ind1=" " ind2=" ">
    <subfield code="a">Uk</subfield>
    <subfield code="b">eng</subfield>
    <subfield code="c">Uk</subfield>
    <subfield code="d">EG-ScBUE </subfield>
  </datafield>
  <datafield tag="082" ind1="0" ind2="4">
    <subfield code="a">320.947</subfield>
    <subfield code="2">22</subfield>
    <subfield code="b">POL</subfield>
  </datafield>
  <datafield tag="245" ind1="0" ind2="0">
    <subfield code="a">Politics in Russia :</subfield>
    <subfield code="b">a reader /</subfield>
    <subfield code="c">Joel M. Ostrow, editor.</subfield>
  </datafield>
  <datafield tag="264" ind1=" " ind2="1">
    <subfield code="a">Los Angeles, California : </subfield>
    <subfield code="b">CQ Press / SAGE Publications : </subfield>
    <subfield code="c">c.2013.</subfield>
  </datafield>
  <datafield tag="300" ind1=" " ind2=" ">
    <subfield code="a">xvi, 488 pages :</subfield>
    <subfield code="b">illustrations ;</subfield>
    <subfield code="c"> 23 cm.</subfield>
  </datafield>
  <datafield tag="336" ind1=" " ind2=" ">
    <subfield code="a">text</subfield>
    <subfield code="2">rdacontent</subfield>
  </datafield>
  <datafield tag="337" ind1=" " ind2=" ">
    <subfield code="a">unmediated </subfield>
    <subfield code="2">rdamedia</subfield>
  </datafield>
  <datafield tag="338" ind1=" " ind2=" ">
    <subfield code="a">volume</subfield>
    <subfield code="2">rdacarrier</subfield>
  </datafield>
  <datafield tag="505" ind1="0" ind2=" ">
    <subfield code="a">	1. An introduction to the Soviet political system. "Introduction" from Soviet Politics, 1917-1991 / Mary McCauley ; "Terror as a system of power" / Merle Fainsod ; "Soviet stability and its sources / Seweryn Bialer --
2. The collapse of the Soviet Union. "What was Socialism and why did it fall?" / Katherine Verdery ; "Glosnost gutted the party, democratization doomed the State : political liberalization and the Soviet disintegration" / Joel M. Ostrow ; "Causes of the collapse of the USSR" / Alexander Dallin --
3. Core tasks for postcommunist Russia. "Crucial junctures and the demise of democracy in Russia" / Joel M. Ostrow, Georgiy A. Satarov, and Irina M. Khakamada ; "The democratization of Russia in comparative perspective" / Zvi Gitelman ; "Ten myths about Russia : understanding and dealing with Russia's complexity and ambiguity" / David Fogleson and Gordon M. Hahn --
4. The economy : market capitalism or institutionalized corruption? "A normal country : Russia after communism" / Andrei Shleifer and Daniel Treisman ; "The triumph of bureaucratic capitalism / Lilia Shevtsova ; from "Comrade criminal" and "The criminal state" / Steven Handleman --
5. The executive and the legislature. "Liberal technocrats as an adornment of the State" / Lilia Shevtsova ; "Inside the Putin Court : a research note" / Ol'ga Kryshtanovskaya and Stephen White ; "Majority control and executive dominance : Parliament-President relations in Putin's Russia" / Paul Chaisty --
6. Political parties. "Party politics in Russia : from competition to hierarchy" / Vladimir Gel'man ; "Political opposition in Russia : a dying species?" / Vladimir Gel'man ; "Russia's client party system" / Stephen White ; from "Symptoms of the failure of democracy in Russia" / M. Steven Fish --
7. Elections. from "Corrupting the elections : enter the oligarchs" and "Abandoning democracy : anointing a successor" / Joel M. Ostrow, Georgiy A. Satarov, and Irina M. Khakamada ; "Russian elections : an oxymoron of democracy" / Misha Myagkov and Peter C. Ordeshook ; from "Symptoms of the failure of democracy in Russia" / M Steven Fish --
8. Nationalism and Chechnya. "The specter of Russian Nationalism" / Rafael Khachaturian ; "Chechnya : a dirty war 1999-2002" / Anna Politkovskaya ; "[Conclusion]" / Marl&#xE8;ne Laruelle --
9. The media. "Dictatorship becomes the only game in town" / Joel M. Ostrow, Georgiy A. Satarov, and Irina M. Khakamada ; from "Symptoms of the failure of democracy in Russia" / M. Steven Fish ; "Constrained or irrelevant : the media in Putin's Russia" / Masha Lipman ; "Russia : why do journalists die?" / Oleg Panfilov ; "Rebirth of Russian Nationalism" / Oleg Panfilov ; "Remembering Paul Klebnikov : journalism of intimidation" / David Satter ; "All the news the Kremlin thinks is fit to print / Dmitry Sidorov.</subfield>
  </datafield>
  <datafield tag="651" ind1=" " ind2="7">
    <subfield code="a">Russia (Federation)</subfield>
    <subfield code="x">Politics and government</subfield>
    <subfield code="y">1991-</subfield>
    <subfield code="2">BUEsh</subfield>
    <subfield code="9">8179</subfield>
  </datafield>
  <datafield tag="653" ind1=" " ind2=" ">
    <subfield code="b">BUSBOL</subfield>
    <subfield code="c">February2019</subfield>
  </datafield>
  <datafield tag="700" ind1="1" ind2=" ">
    <subfield code="a">Ostrow, Joel M.</subfield>
    <subfield code="e">editor.</subfield>
  </datafield>
  <datafield tag="942" ind1=" " ind2=" ">
    <subfield code="2">ddc</subfield>
    <subfield code="c">BB</subfield>
  </datafield>
  <datafield tag="952" ind1=" " ind2=" ">
    <subfield code="0">0</subfield>
    <subfield code="1">0</subfield>
    <subfield code="2">ddc</subfield>
    <subfield code="4">0</subfield>
    <subfield code="7">0</subfield>
    <subfield code="8">Baccah</subfield>
    <subfield code="a">MAIN</subfield>
    <subfield code="b">MAIN</subfield>
    <subfield code="c">1ST</subfield>
    <subfield code="d">2019-02-13</subfield>
    <subfield code="e">Purchase</subfield>
    <subfield code="g">303.00</subfield>
    <subfield code="h">20201</subfield>
    <subfield code="l">1</subfield>
    <subfield code="m">21</subfield>
    <subfield code="o">320.947 POL</subfield>
    <subfield code="p">000044184</subfield>
    <subfield code="r">2025-07-15 00:00:00</subfield>
    <subfield code="s">2019-12-21</subfield>
    <subfield code="v">379.00</subfield>
    <subfield code="w">2019-02-13</subfield>
    <subfield code="y">BB</subfield>
  </datafield>
</record>
